000 00764nam a2200289Ia 4500
005 20260324124109.0
008 008 260324s9999 xx 000 0 eng d
020 _a9780203803523
037 _aEBOOK
040 _aCRL
040 _beng
040 _cCRL
041 _2eng
041 _aeng
084 _qCRL
100 _aSandra Dudley; Amy Jane Barnes; Jennifer Binnie; Julia Petrov; Jennifer Walklate
_91170199
245 4 _aThe Thing about Museums
245 0 _bObjects and Experience, Representation and Contestation
260 _bTaylor and Francis
260 _c2011
365 _a
365 _b240
856 _uhttp://www.taylorfrancis.com/books/9780203803523
942 _cEBOOK
999 _c1766943
_d1766943